000 00737nam a2200289Ia 4500
005 20260324153321.0
008 008 260324s9999 xx 000 0 eng d
020 _a9780323959919
037 _aEBOOK
040 _aCRL
040 _beng
040 _cCRL
041 _2eng
041 _aeng
084 _qCRL
100 _aGulzar Nayik
_91231106
245 0 _aUltrasound and Microwave for Food Processing: Synergism for Preservation and Extraction
260 _bElsevier
260 _c2023
650 _a Food Sciences
650 _aAgricultural
650 _aBiological
856 _uhttps://www.sciencedirect.com/science/book/9780323959919
942 _cEBOOK
999 _c1842495
_d1842495